Fundamentos de la medición educacional
Guardat en:
| Autor principal: | |
|---|---|
| Format: | Llibre |
| Idioma: | espanyol |
| Publicat: |
Buenos Aires
Guadalupe
1977
|
| Col·lecció: | Biblioteca pedagógica. Sección: problemática de la educación, 39
|
| Matèries: | |
| Etiquetes: |
Afegir etiqueta
Sense etiquetes, Sigues el primer a etiquetar aquest registre!
|
MARC
| LEADER | 00000nam a2200000 a 4500 | ||
|---|---|---|---|
| 001 | UCY8659 | ||
| 003 | CL-VaPUC | ||
| 008 | 950703e19770000AG |||||||||||||||||spa|d | ||
| 082 | 0 | 4 | |a 371.26 |b EBE |2 21 |
| 100 | 0 | |a Ebel, Robert L |e author |9 340254 | |
| 245 | 1 | 0 | |a Fundamentos de la medición educacional |
| 300 | |a 710 p | ||
| 942 | |c BK | ||
| 945 | |d 19950703 00:00:00 |a lriquelm | ||
| 260 | |a Buenos Aires |b Guadalupe |c 1977 | ||
| 650 | 0 | |a Planificación de la educación |9 307333 | |
| 650 | 0 | |a Calidad de la educación |9 307271 | |
| 650 | 7 | |a DESARROLLO DE LA EDUCACION |2 CL-VaPUC |9 340255 | |
| 650 | 0 | |a Evaluación |9 271902 | |
| 650 | 7 | |a TESTS |2 CL-VaPUC |9 309359 | |
| 650 | 7 | |a PRACTICA DE TESTS EDUCACIONALES |2 CL-VaPUC |9 340256 | |
| 583 | |a last modification |c 19950703 00:00:00 |k Rodrigo Vera | ||
| 490 | 0 | |a Biblioteca pedagógica. Sección: problemática de la educación, 39 | |
| 999 | |c 235887 |d 235885 | ||
| 952 | |0 0 |1 0 |4 0 |6 371_260000000000000_EBE_1977 |7 0 |8 P |9 243587 |a BIBEDU |b BIBEDU |c BIBEDU_PB |d 2019-11-18 |i 1527444 |o 371.26 EBE 1977 |p 1527444 |r 2024-01-25 |w 2019-11-18 |y BK |k EDU | ||